000
00340nam a22001457a 4500
020
_a
81--203-0668-6
041
_a
ENG
100
_a
Rangaswami .G
245
_a
Agricultural Microbiolgy
260
_a
Delhi
_b
Prentice Hill Of India
_c
1998
300
_a
422
650
_a
Agricultural
700
_a
Bagyaraj .D.J
856
_u
Agricultural
999
_c
441
_d
441